000 01513nam a22003977a 4500
001 13657551
003 OSt
005 20210421055905.0
008 040716s2004 nyu 000 0deng
010 _a 2004048969
020 _a0375403728
040 _aeng
_cDLC
_deng
041 _aeng
042 _apcc
043 _aa-ii---
050 0 0 _aDS486.B7
_bM42 2004
080 _a821.111
_bM-49
082 0 0 _a954/.79205
_222
100 1 _aMehta, Suketu.
245 1 0 _aMaximum city :
_bBombay lost and found /
_cSuketu Mehta.
250 _a1st ed.
260 _aNew York :
_bAlfred A. Knopf,
_c2004.
300 _axii, 542 p. ;
_c25 cm.
365 _b27.95 usd
600 1 0 _aMehta, Suketu
_xTravel
_zIndia
_zMumbai.
650 0 _9254
_aEnglish literature
651 0 _aMumbai (India)
_xDescription and travel.
653 _aინგლისური ლიტერატურა
653 _aმუმბაი
856 4 2 _3Contributor biographical information
_uhttp://www.loc.gov/catdir/bios/random051/2004048969.html
856 4 1 _3Sample text
_uhttp://www.loc.gov/catdir/samples/random051/2004048969.html
856 4 2 _3Publisher description
_uhttp://www.loc.gov/catdir/description/random051/2004048969.html
906 _a7
_bcbc
_corignew
_d1
_eocip
_f20
_gy-gencatlg
942 _2udc
_cBK
_e1
999 _c618
_d618